000 00770cam a2200241 i 4500
001 SSB063982
003 PILC
005 20160318081417.0
008 130802t20142014caua b 001 0 eng c
020 _a9781133943440
042 _apcc
043 _an-us-pa
050 4 _aBF 713.5
_b.K122 2014
100 1 _aKail, Robert V.
245 1 0 _aEssentials of human development :
_ba life-span view /
_cRobert Kail and John C. Cavanaugh.
250 _aStudent edition.
260 _aBelmont, CA :
_bWadsworth, Cengage Learning,
_c2014.
300 _axxix, 542 pages :
_billustrations (chiefly colored) ;
_c28 cm.
500 _aIncludes bibliographical references and indexes.
650 0 _aDevelopmental psychology.
700 1 _aCavanaugh, John C.
942 _2lcc
_cBK
999 _c277381
_d277381